Advanced human behavior organization with ethics / (Record no. 98749)
[ view plain ]
| 000 -LEADER | |
|---|---|
| fixed length control field | 01368nam a22003617a 4500 |
| 003 - CONTROL NUMBER IDENTIFIER | |
| control field | URS |
| 005 - DATE AND TIME OF LATEST TRANSACTION | |
| control field | 20260223164110.0 |
| 008 - FIXED-LENGTH DATA ELEMENTS--GENERAL INFORMATION | |
| fixed length control field | 260218t2024 ph ||||| |||| 001 0 eng d |
| 020 ## - INTERNATIONAL STANDARD BOOK NUMBER | |
| International Standard Book Number | 9786214271924 |
| 040 ## - CATALOGING SOURCE | |
| Original cataloging agency | DLC |
| Language of cataloging | eng |
| Transcribing agency | DLC |
| Modifying agency | DLC |
| -- | URS |
| Description conventions | rda |
| 082 ## - DEWEY DECIMAL CLASSIFICATION NUMBER | |
| Classification number | 302.35 |
| Item number | Ad951 2024 |
| 100 ## - MAIN ENTRY--PERSONAL NAME | |
| Personal name | Abante, Marmelo V., |
| Relator term | Authors |
| 245 ## - TITLE STATEMENT | |
| Title | Advanced human behavior organization with ethics / |
| Statement of responsibility, etc. | Marmelo V. Abante, ...[and eleven others] |
| 264 ## - PRODUCTION, PUBLICATION, DISTRIBUTION, MANUFACTURE, AND COPYRIGHT NOTICE | |
| Place of production, publication, distribution, manufacture | Intramuros, Manila: |
| Name of producer, publisher, distributor, manufacturer | Unlimited Books Library Services & Publishing Inc., |
| Date of production, publication, distribution, manufacture, or copyright notice | [2024] |
| 300 ## - PHYSICAL DESCRIPTION | |
| Extent | vi, 246 pages; |
| Dimensions | 25 cm. |
| 336 ## - CONTENT TYPE | |
| Source | rdacontent |
| Content type term | text |
| Content type code | txt |
| 337 ## - MEDIA TYPE | |
| Source | rdamedia |
| Media type term | unmediated |
| Media type code | n |
| 338 ## - CARRIER TYPE | |
| Source | rdacarrier |
| Carrier type term | volume |
| Carrier type code | nc |
| 504 ## - BIBLIOGRAPHY, ETC. NOTE | |
| Bibliography, etc. note | Includes bibliographical references (pages 239-246), and indexes. |
| 650 ## - SUBJECT ADDED ENTRY--TOPICAL TERM | |
| Topical term or geographic name entry element | Organizational behavior. |
| 700 ## - ADDED ENTRY--PERSONAL NAME | |
| Personal name | Simbre, Roland M., |
| Relator term | Authors. |
| 700 ## - ADDED ENTRY--PERSONAL NAME | |
| Personal name | Pancho, Ronald L., |
| Relator term | Authors. |
| 700 ## - ADDED ENTRY--PERSONAL NAME | |
| Personal name | Serquina, Maria Elena C., |
| Relator term | Co-authors. |
| 700 ## - ADDED ENTRY--PERSONAL NAME | |
| Personal name | Estioco, Ma. Cristina J., |
| Relator term | Co-authors. |
| 700 ## - ADDED ENTRY--PERSONAL NAME | |
| Personal name | Verano, Joanna Paula E., |
| Relator term | Co-authors. |
| 700 ## - ADDED ENTRY--PERSONAL NAME | |
| Personal name | Julianes, Melchor S., |
| Relator term | Co-authors. |
| 700 ## - ADDED ENTRY--PERSONAL NAME | |
| Personal name | Sario, Jay A., |
| Relator term | Co-authors. |
| 700 ## - ADDED ENTRY--PERSONAL NAME | |
| Personal name | Asturias, Peter M., |
| Relator term | Co-authors. |
| 700 ## - ADDED ENTRY--PERSONAL NAME | |
| Personal name | Dela Cruz, Estarlita G., |
| Relator term | Co-authors. |
| 700 ## - ADDED ENTRY--PERSONAL NAME | |
| Personal name | Soguilon, Decter A., |
| Relator term | Co-authors. |
| 700 ## - ADDED ENTRY--PERSONAL NAME | |
| Personal name | Tadeo, Rejan L., |
| Relator term | Co-authors. |
| 942 ## - ADDED ENTRY ELEMENTS (KOHA) | |
| Source of classification or shelving scheme | Dewey Decimal Classification |
| Koha item type | Filipiniana |
| Withdrawn status | Source of classification or shelving scheme | Damaged status | Not for loan | Home library | Current library | Shelving location | Date acquired | Total Checkouts | Full call number | Barcode | Date last seen | Price effective from | Koha item type |
|---|---|---|---|---|---|---|---|---|---|---|---|---|---|
| Dewey Decimal Classification | Pililla College Library | Pililla College Library | Filipiniana Section | 02/18/2026 | 302.35 Ad951 2024 | URSPIL-7488 | 02/18/2026 | 02/18/2026 | Filipiniana |